| 000 | 00000nem##2200000za#4500 |
| 001 | 9.619248 |
| 003 | CaOODSP |
| 005 | 20230131161135 |
| 007 | aj |a||| |
| 008 | 150406|2009||||xxc|||| a##f | eng|d |
| 040 | |aCaOODSP|beng |
| 043 | |an-cn--- |
| 086 | 1 |aM48-2141AE |
| 110 | 2 |aGeological Survey of Canada. |
| 245 | 10|aPhanerozoic bedrock geology - Strathcona Fiord area, Ellesmere Island, Nunavut / |h[cartographic material]|cAuthors: J.C. Harrison, R. Thorsteinsson and T.A. de Freitas. |
| 255 | |aScale 1:125,000 |
| 260 | |bNatural Resources Canada. |c2009. |
| 300 | |a1 sheet. : |bcoloured figs., coloured map, references ; |c109 cm. + |eStructure cross-sections A-A1, B-B1, C-C1, to accompany map 2141A (M48-2141AE-1). |
| 490 | 1 |a"A" series map|v2141A |
| 500 | |aIncludes a legend and notes. |
| 590 | |a09-13|b2009-03-27 |
| 720 | 1 |aHarrison, J. C. |
| 720 | 1 |ade Freitas, T. A. |
| 720 | 1 |aThorsteinsson, R. |
| 830 | #0|aGeological Survey of Canada, "A" series map ;|v2141A|w(CaOODSP)9.515061 |